LEADER 01330nam a2200289 u 4500 001 000000107406 003 CaOOAMICUS 005 20071008095329.0 008 071008s2002 it u000 u ita u 020 $a88-209-7326-X 040 $aPUL$bita$dLDB 100 1 $aMela, Itala.$0(OLS)http://pul/name/65915 245 10$aCorpo e spirito, trasparenza di Dio /$cItala Mela, Sr. Maria Gregoria Arzani ; presentazione di Bassano Staffieri. 260 $aCittą del Vaticano :$bLibreria editrice vaticana,$cc2002. 300 $a189 p. ;$c22 cm. 490 1 $aCollana di testi mistici ;$v03 504 $aInclude riferimenti bibliografici. 600 14$aMela, Itala.$0(OLS)http://pul/subject/33556 700 1 $aStaffieri, Bassano.$0(OLS)http://pul/name/65914 700 1 $aArzani, Maria Gregoria,$cO.S.B.$0(OLS)http://pul/name/65913 830 0$aCollana di testi mistici ;$v03.$0(OLS)http://pul/title/134391 850 $aPUL 852 $aPUL$W1$xSL Religione 3$y85$m248. 2 MELIT 1$j122067$qDDC 21$B121055$CPULBib$Z2$F121055 $H105010 $82 941 1 $a9 996 $6020$a88-209-7326-X$9(OLS)http://pul/number/135790 996 $6245$aCorpo e spirito, trasparenza di Dio $9(OLS)http://pul/title/135251 996 $6260$aCittą del Vaticano :$bLibreria editrice vaticana$9(OLS)http://pul/publisher/47920 LEADER 01244nam a2200313 a 4500 001 000000154284 003 CaOOAMICUS 005 20160926134432.0 008 160926s2002 it u000 u ita r 020 $a8813238614* 032 $aLibriCat 040 $aPUL$bita 100 1 $aFiorio, Carlo.$0(OLS)http://pul/name/69934 245 10$aLibertą personale e diritto alla salute /$cCarlo Fiorio. 260 $aPadova :$bCEDAM,$c2002. 300 $a306 p. ;$c25 cm. 490 1 $aQuestioni nuove di procedura penale ;$v13 504 $aBibliografia in nota. 650 4$aSalute (diritto).$0(OLS)http://pul/subject/25952 650 4$aDiritto alla salute.$0(OLS)http://pul/subject/36447 830 0$aQuestioni nuove di procedura penale ;$v13.$0(OLS)http://pul/title/193876 850 $aPUL 852 $aPUL$W1$xDP1 Fondo G. Barberini$y122$m4 G 22$j177337$qFondi$B180312$CPULBib$Z2$F180312 $HBar900 $81 941 1 $a1 961 $aDedica autografa dell?autore. 996 $6020$a8813238614*$9(OLS)http://pul/number/161143 996 $6245$aLibertą personale e diritto alla salute$9(OLS)http://pul/title/193879 996 $6260$aPadova :$bCEDAM$9(OLS)http://pul/publisher/48126